000 00340pam a2200133a 44500
008 230405s2001 xxu||||| |||| 00| 0 eng d
041 _aENG
100 _aSETHI P D
245 _aHPLC HIGH PERFORMANCE LIDOID CHROMATOGRAPHY VOL-2
250 _a1
260 _aNEW YORK
_bJOHN WILLY & SONS NEW YORK
_c2001
300 _a651
906 _a3441
999 _c278712
_d278712